00249nam a2200085Ia 4500008004000000082001300040100002000053245003500073260005500108210210b2000 xxu||||| |||| 00| 0 eng d a542 DESL aDESIKACHAR (S). aLaboratory manual in chemistry aBangalorebExcellent Educational Enterprisesc2000